The only country name containing ... - Statistics

General Stats
  • This quiz has been taken 36 times
  • The average score is 30 of 85
Answer Stats
Prompt Answer % Correct
CZ CZech republic
94%
DJ DJibouti
89%
QA QAtar
89%
CY CYprus
83%
YE YEmen
83%
EX mEXico
78%
AQ irAQ
72%
XI meXIco
72%
PH PHilippines
72%
SP SPain
72%
UK UKraine
72%
BH BHutan
67%
EQ EQuatorial guinea
67%
JO JOrdan
67%
MY MYanmar
67%
PP philiPPines
67%
KU KUwait
61%
CC moroCCo
61%
UZ UZbekistan
61%
KH kazaKHstan
56%
KY KYrgyzstan
56%
UX lUXembourg
56%
OO camerOOn
50%
YZ kyrgYZstan
50%
AO lAOs
50%
BW zimbaBWe
50%
FG aFGhanistan
44%
EE grEEce
44%
LY itaLY
44%
LB aLBania
39%
XE luXEmbourg
39%
OZ mOZambique
39%
AJ tAJikistan
39%
NZ taNZania
39%
IZ belIZe
33%
PT egyPT
33%
UY gUYana
33%
TV laTVia
33%
UV tUValu
33%
HR baHRain
28%
UW kUWait
28%
BY liBYa
28%
SC madagaSCar
28%
YS malaYSia
28%
YC seYChelles
28%
IW taIWan
28%
OG tOGo
28%
UM belgiUM
22%
NL fiNLand
22%
AE isrAEl
22%
AW malAWi
22%
TT saint kiTTs and nevis
22%
TZ swiTZerland
22%
ZU veneZUela
22%
UL bULgaria
17%
FA burkina FAso
17%
OD cambODia
17%
LV el saLVador
17%
HS kazakHStan
17%
EB lEBanon
17%
HT liecHTenstein
17%
LT maLTa
17%
IK tajIKistan
17%
KM turKMenistan
17%
TY vatican ciTY
17%
EZ venEZuela
17%
GL banGLadesh
11%
SN boSNia and herzegovina
11%
FE FEderated states of micronesia
11%
EV saint kitts and nEVis
11%
UC saint lUCia
11%
NK sri laNKa
11%
ID trinIDad and tobago
11%
GD united kinGDom
11%
EK uzbEKistan
11%
NU vaNUatu
11%
TN vieTNam
11%
RZ bosnia and heRZegovina
6%
IO ethIOpia
6%
OP ethiOPia
6%
DU honDUras
6%
NS liechteNStein
6%
RS maRShall islands
6%
OB trinidad and tOBago
6%
KR uKRaine
6%
No matching quizzes found
Score Distribution
Percent of People with Each Score
Percentile by Number Answered
Your Score History
You have not taken this quiz